Ley y autonomía colectiva : un estudio sobre las relaciones entre la norma estatal y el convenio colectivo / Ignacio García-Perrote Escartín un estudio sobre las relaciones entre la norma estatal y el convenio colectivo / Ignacio García-Perrote Escartín
ISBN:
84-7434-411-5
Colección:
Colección tesis doctorales
MARC
| LEADER | 00000nam a2200000Ia 4500 | ||
|---|---|---|---|
| 001 | 13717 | ||
| 008 | 160829s9999 xx 000 0 cat d | ||
| 020 | |a 84-7434-411-5 | ||
| 080 | |a M-4-24 | ||
| 100 | |a García-Perrote Escartín, Ignacio |9 24742 | ||
| 245 | |a Ley y autonomía colectiva : |b un estudio sobre las relaciones entre la norma estatal y el convenio colectivo / Ignacio García-Perrote Escartín | ||
| 260 | |a Madrid : |b Ministerio de Trabajo y Seguridad Social, cop. 1987 | ||
| 490 | |a Colección tesis doctorales | ||
| 590 | |a Notes, bibliografia, referències bibliogràfiques | ||
| 650 | |a Convenis col·lectius de treball |x Espanya |9 24743 | ||
| 650 | |a Negociacions col·lectives de treball |x Espanya |9 24744 | ||
| 710 | 1 | |a Espanya. |b Ministerio de Trabajo y Seguridad Social |9 54283 | |
| 901 | |a Arxiu | ||
| 942 | |n 1 | ||
| 952 | |0 0 |1 0 |4 0 |6 M424 |7 1 |9 43299 |a Arxiu |b Arxiu |d 2016-12-01 |l 0 |o M-4-24 |p 13717 |r 2016-12-01 00:00:00 |w 2016-12-01 |y ARXIU | ||
| 999 | |c 45844 |d 45844 | ||